000 00588nam a22001577a 4500
003 PILC
005 20250211145808.0
008 150824b xxu||||| |||| 00| 0 eng d
050 _aQA 76.5
_b.Sa161 2008
100 _aSalanga, Carl Leonard B.
245 _aThe computerized enrollment system of international montessori school in Sta. Rosa Laguna /
_cCarl Leonard B. Salanga.
260 _aLas PiƱas City :
_bSouthville International School and Colleges,
_c2008.
300 _ax, 85 pages ;
_c28 cm.
500 _aIncludes bibliographical references and index.
942 _2lcc
_cTH
_kLOC
999 _c288460
_d288460